Statistics for Just Cause 3 - Insula Striate's Locations

Click here to take the quiz!

General Stats

  • This quiz has been taken 13 times
  • The average score is 17 of 23

Answer Stats

ProvincesTypeName% Correct
RegnoCityCitate di Ravello
91%
FalcoBaseFalco Maxime
91%
Costa SudBaseGriphon
91%
MaestraleBaseVulture
91%
PrimaCityAgro
82%
PrimaCityAgro Nove
82%
Rocca BlauBaseCava Geminos Est
82%
Rocca BlauBaseCava Geminos Nord
82%
Rocca BlauBaseCava Geminos Sud
82%
ProspereBaseCava Grande
82%
MontanaBaseCava Montana
82%
Costa SudCityPerla Est
82%
MaestraleBasePorto Tridente
82%
UmbraCityRefugio Umbra
82%
Grande PasturaBaseAlte Potentia
73%
ProspereBaseCava Grande Secunde
73%
Val de MarBasePorto Coclea
73%
LibeccioCityVista Dracon
73%
PrimaCityVista Fonte
73%
PrimaCityBellevia
45%
LibeccioCityBurgoletto
45%
LibeccioCityCelata
45%
LibeccioCityNacre
45%

Score Distribution

Percentile by Number Answered

Percent of People with Each Score

Your Score History

You have not taken this quiz